| 000 | 00578nam a22002177a 4500 | ||
|---|---|---|---|
| 003 | OSt | ||
| 008 | 250220b |||||||| |||| 00| 0 eng d | ||
| 020 | _a81-85046-92-1 | ||
| 041 | _aeng | ||
| 082 |
_a551.49 _bDAV/IN |
||
| 100 |
_aDavis, Stanley N _97194 |
||
| 245 | _aIntroduction to Ground - Water Tracers | ||
| 250 | _a1st Reprint | ||
| 260 |
_aJodhpur: _bScientific Publishers, _c1990. |
||
| 300 | _a214p. | ||
| 650 |
_aGround Water _97195 |
||
| 700 |
_aCamphell, Darcy J _97196 |
||
| 700 |
_aBently, Harold W _97197 |
||
| 700 |
_aFlynn, Timothy J _97198 |
||
| 942 | _cBK | ||
| 999 |
_c19422 _d19422 |
||